[Event "Backa Topola-ch"]
[Site "Backa Topola"]
[Date "2019.12.02"]
[Round "4"]
[White "Bacsa, Zoltan"]
[Black "Vlahovic, Ljubo"]
[Result "1/2-1/2"]
[WhiteElo "1737"]
[BlackElo "1961"]
[PlyCount "31"]
[EventDate "2019.11.25"]
[EventType "swiss"]
[EventRounds "9"]
[EventCountry "SRB"]
[SourceTitle "CBM 193 Extra"]
[Source "ChessBase"]
[SourceDate "2020.01.31"]
[SourceVersion "1"]
[SourceVersionDate "2020.01.31"]
[SourceQuality "1"]

1. e4 e6 2. d4 d5 3. exd5 exd5 4. Nf3 Nf6 5. Bg5 Bg4 6. Be2 Be7 7. 0-0 0-0 8. h3 Bh5 9. Nbd2 h6 10. Bh4 Nbd7 11. Re1 Re8 12. c3 c6 13. Qb3 Qb6 14. Qxb6 axb6 15. a3 Bg6 16. Rac1 1/2-1/2

[Event "Senta op 23rd"]
[Site "Senta"]
[Date "2019.07.22"]
[Round "5"]
[White "Soklovacki, Mila"]
[Black "Bacsa, Zoltan"]
[Result "1-0"]
[WhiteElo "1851"]
[BlackElo "1738"]
[PlyCount "103"]
[EventDate "2019.07.19"]
[EventType "swiss"]
[EventRounds "9"]
[EventCountry "SRB"]
[SourceTitle "EXT 2020"]
[Source "ChessBase"]
[SourceDate "2019.10.17"]
[SourceVersion "1"]
[SourceVersionDate "2019.10.17"]
[SourceQuality "1"]

1. e4 c5 2. Nf3 e6 3. d4 cxd4 4. Nxd4 a6 5. c4 Nc6 6. Nc3 Bb4 7. Nxc6 Bxc3+ 8. bxc3 bxc6 9. Ba3 Ne7 10. Qd6 Ng6 11. Qd2 Qf6 12. Be2 e5 13. 0-0 Nf4 14. Bf3 Qg5 15. Kh1 Qf6 16. Rad1 h5 17. Qe3 g5 18. Rd6 Ne6 19. Rfd1 Qf4 20. Qd3 Ra7 21. Rxe6+ fxe6 22. Qd6 Kf7 23. Qe7+ Kg6 24. Bc1 Qf6 25. Qc5 Rb7 26. Qe3 Rb1 27. Qd3 Rb7 28. Qe3 g4 29. Be2 Kg7 30. f3 Qh4 31. Bd2 g3 32. h3 Qf6 33. Be1 h4 34. c5 Rb2 35. Bc4 Qf4 36. Qd3 Qf8 37. Qe3 Qf4 38. Qd3 Qf8 39. Qe3 Qf6 40. Bd2 Kf7 41. Qd3 Rg8 42. Qe3 Rg6 43. Qd3 Qe7 44. Be3 Rb8 45. Bxa6 Bxa6 46. Qxa6 Rgg8 47. Qa7 Rgd8 48. Qc7 Kf6 49. f4 d6 50. fxe5+ dxe5 51. Rf1+ Kg6 52. Qxe7 1-0

[Event "Subotica City-ch"]
[Site "Subotica"]
[Date "2019.03.04"]
[Round "4"]
[White "Pajzer, Istvan"]
[Black "Bacsa, Zoltan"]
[Result "1-0"]
[WhiteElo "2045"]
[BlackElo "1678"]
[PlyCount "79"]
[EventDate "2019.02.25"]
[EventType "swiss"]
[EventRounds "9"]
[EventCountry "SRB"]
[SourceTitle "CBM 189 Extra"]
[Source "ChessBase"]
[SourceDate "2019.05.31"]
[SourceVersion "1"]
[SourceVersionDate "2019.05.31"]
[SourceQuality "1"]

1. e4 d6 2. d4 a6 3. Bd3 Nc6 4. Ne2 g6 5. 0-0 Bg7 6. Be3 e6 7. c3 Nge7 8. Nd2 0-0 9. g4 b6 10. f4 f5 11. gxf5 exf5 12. e5 dxe5 13. Bc4+ Kh8 14. fxe5 b5 15. Bb3 Bb7 16. Nf4 Bc8 17. Qf3 Rb8 18. h4 Na5 19. Ne6 Bxe6 20. Bxe6 h5 21. Rf2 Qe8 22. Rg2 Kh7 23. Kh1 Bh6 24. Bxh6 Kxh6 25. Qf4+ Kh7 26. Rag1 Qc6 27. Nf3 Kg7 28. d5 Qc4 29. Qxc4 Nxc4 30. d6 cxd6 31. Bxc4 bxc4 32. exd6 Nd5 33. Rxg6+ Kh7 34. Rg7+ Kh8 35. Ne5 Nf4 36. Nf7+ Rxf7 37. Rxf7 Rb5 38. d7 Rd5 39. Rxf5 Rxf5 40. d8Q+ 1-0

[Event "Senta op 22nd"]
[Site "Senta"]
[Date "2018.07.16"]
[Round "4"]
[White "Soklovacki, Mila"]
[Black "Bacsa, Zoltan"]
[Result "1/2-1/2"]
[WhiteElo "1846"]
[BlackElo "1716"]
[PlyCount "35"]
[EventDate "2018.07.14"]
[EventType "swiss"]
[EventRounds "9"]
[EventCountry "SRB"]
[SourceTitle "CBM 185 Extra"]
[Source "ChessBase"]
[SourceDate "2018.07.29"]
[SourceVersion "1"]
[SourceVersionDate "2018.07.29"]
[SourceQuality "1"]

1. e4 c5 2. Nf3 d6 3. Bb5+ Nd7 4. 0-0 a6 5. Bxd7+ Bxd7 6. d4 cxd4 7. Nxd4 g6 8. c4 Qc7 9. b3 e5 10. Nf3 Nf6 11. Re1 Bc6 12. Nc3 Be7 13. Bg5 0-0 14. Bxf6 Bxf6 15. Nd5 Bxd5 16. Qxd5 Rfd8 17. Red1 Kg7 18. h3 1/2-1/2

[Event "Senta op 21st"]
[Site "Senta"]
[Date "2017.07.31"]
[Round "9"]
[White "Bacsa, Zoltan"]
[Black "Korosi, Nandor"]
[Result "1-0"]
[WhiteElo "1759"]
[BlackElo "1695"]
[PlyCount "57"]
[EventDate "2017.07.24"]
[EventType "swiss"]
[EventRounds "9"]
[EventCountry "SRB"]
[SourceTitle "CBM 179 Extra"]
[Source "ChessBase"]
[SourceDate "2017.08.23"]
[SourceVersion "1"]
[SourceVersionDate "2017.08.23"]
[SourceQuality "1"]

1. e4 e5 2. Nf3 d6 3. Nc3 Nf6 4. d4 exd4 5. Qxd4 Nc6 6. Bb5 Bd7 7. Bxc6 Bxc6 8. Bg5 Be7 9. 0-0-0 0-0 10. Rhe1 Nd7 11. Bf4 f6 12. Nd5 Ne5 13. Bxe5 fxe5 14. Qc4 Kh8 15. Ne3 Bg5 16. Nxe5 Qe8 17. Nxc6 bxc6 18. f3 Rb8 19. c3 Rb6 20. Rd2 Qe5 21. h3 Rfb8 22. Qd3 Qa5 23. a3 Qa4 24. g3 Qb3 25. f4 Bf6 26. e5 dxe5 27. fxe5 Bxe5 28. Nc4 Bxc3 29. Qd8+ 1-0

[Event "Senta op 21st"]
[Site "Senta"]
[Date "2017.07.29"]
[Round "6"]
[White "Bacsa, Zoltan"]
[Black "Vilagos, Nandor"]
[Result "0-1"]
[WhiteElo "1759"]
[BlackElo "2106"]
[PlyCount "46"]
[EventDate "2017.07.24"]
[EventType "swiss"]
[EventRounds "9"]
[EventCountry "SRB"]
[SourceTitle "CBM 179 Extra"]
[Source "ChessBase"]
[SourceDate "2017.08.23"]
[SourceVersion "1"]
[SourceVersionDate "2017.08.23"]
[SourceQuality "1"]

1. e4 c5 2. f4 Nc6 3. Nf3 e6 4. Nc3 d6 5. Bb5 a6 6. Bxc6+ bxc6 7. d4 d5 8. b3 Nf6 9. e5 Ne4 10. Nxe4 dxe4 11. Ng5 cxd4 12. Nxe4 Qd5 13. Qf3 Qd7 14. 0-0 Bb7 15. Qg3 c5 16. Nd6+ Bxd6 17. Qxg7 0-0-0 18. Qf6 Rhg8 19. Rf2 Rg6 20. Qh4 Qc6 21. exd6 Rxg2+ 22. Kf1 Rg1+ 23. Ke2 Qe4+ 0-1

[Event "Senta op 21st"]
[Site "Senta"]
[Date "2017.07.27"]
[Round "4"]
[White "Bacsa, Zoltan"]
[Black "Lazarevic, Dusan"]
[Result "0-1"]
[WhiteElo "1759"]
[BlackElo "2057"]
[PlyCount "56"]
[EventDate "2017.07.24"]
[EventType "swiss"]
[EventRounds "9"]
[EventCountry "SRB"]
[SourceTitle "CBM 179 Extra"]
[Source "ChessBase"]
[SourceDate "2017.08.23"]
[SourceVersion "1"]
[SourceVersionDate "2017.08.23"]
[SourceQuality "1"]

1. e4 Nc6 2. d4 e5 3. d5 Nce7 4. Nc3 Ng6 5. Nf3 Nf6 6. Bd3 Be7 7. h3 0-0 8. Be3 c6 9. Qe2 cxd5 10. Nxd5 Nxd5 11. exd5 Qa5+ 12. Bd2 Qxd5 13. Bxg6 hxg6 14. c4 Qe6 15. Nxe5 Bf6 16. f4 Re8 17. 0-0-0 d6 18. Qd3 dxe5 19. fxe5 Qxe5 20. Bc3 Bg5+ 21. Rd2 Bxd2+ 22. Bxd2 Bf5 23. Qf3 Qe4 24. Qxe4 Rxe4 25. b3 Rd8 26. Bc3 Re2 27. g4 Be4 28. Rg1 Rc2+ 0-1

[Event "Senta op 21st"]
[Site "Senta"]
[Date "2017.07.26"]
[Round "3"]
[White "Rozsa, Sandor S"]
[Black "Bacsa, Zoltan"]
[Result "0-1"]
[WhiteElo "1483"]
[BlackElo "1759"]
[PlyCount "66"]
[EventDate "2017.07.24"]
[EventType "swiss"]
[EventRounds "9"]
[EventCountry "SRB"]
[SourceTitle "CBM 179 Extra"]
[Source "ChessBase"]
[SourceDate "2017.08.23"]
[SourceVersion "1"]
[SourceVersionDate "2017.08.23"]
[SourceQuality "1"]

1. e4 c5 2. Nc3 b6 3. Nf3 Bb7 4. d4 cxd4 5. Nxd4 g6 6. Be2 Bg7 7. Bf3 Nc6 8. Nxc6 Bxc3+ 9. bxc3 Bxc6 10. e5 Qc7 11. Qd4 Rc8 12. Bxc6 Qxc6 13. 0-0 Qxc3 14. Bb2 Qxd4 15. Bxd4 Rxc2 16. e6 Nf6 17. exd7+ Kd8 18. Bxf6 exf6 19. Rfd1 Rc7 20. Rd6 Ke7 21. Rad1 Rd8 22. R6d2 Rdxd7 23. Re1+ Kd8 24. Rde2 Re7 25. Rd1+ Kc8 26. Red2 Red7 27. g3 Rxd2 28. Rxd2 Re7 29. Kf1 Kb7 30. Rd6 f5 31. f4 h5 32. Kf2 Kc7 33. Rd3 Kc6 0-1

[Event "Stari Zednik"]
[Site "Stari Zednik"]
[Date "2017.06.21"]
[Round "5"]
[White "Bacsa, Zoltan"]
[Black "Varga, Imre"]
[Result "1-0"]
[WhiteElo "1723"]
[BlackElo "1716"]
[PlyCount "77"]
[EventDate "2017.06.14"]
[EventType "swiss"]
[EventRounds "9"]
[EventCountry "SRB"]
[SourceTitle "CBM 179 Extra"]
[Source "ChessBase"]
[SourceDate "2017.08.23"]
[SourceVersion "1"]
[SourceVersionDate "2017.08.23"]
[SourceQuality "1"]

1. e4 c5 2. Nf3 d6 3. Nc3 e5 4. h3 Be6 5. b3 a6 6. Bb2 Nc6 7. d3 h6 8. Qd2 Nf6 9. 0-0-0 b5 10. g4 Nd4 11. Bg2 Nd7 12. Nh2 Nb6 13. Rhf1 Be7 14. Kb1 Bg5 15. Qe1 Bf4 16. Nf3 b4 17. Nxd4 cxd4 18. Ne2 g5 19. Nxf4 gxf4 20. Qxb4 0-0 21. Ba3 Nc8 22. Bf3 a5 23. Qd2 Qb6 24. Rh1 Na7 25. h4 Nb5 26. Bb2 a4 27. Rdg1 a3 28. Ba1 Rfc8 29. Bd1 Rc7 30. f3 Rac8 31. Rh2 Nc3+ 32. Bxc3 Rxc3 33. g5 h5 34. g6 f6 35. Qg2 Bxb3 36. axb3 a2+ 37. Ka1 Rxd3 38. Qh3 d5 39. Qxc8+ 1-0

[Event "Stari Zednik"]
[Site "Stari Zednik"]
[Date "2017.06.14"]
[Round "1"]
[White "Bacsa, Zoltan"]
[Black "Matkovic, Jovan"]
[Result "1-0"]
[WhiteElo "1723"]
[BlackElo "1899"]
[PlyCount "41"]
[EventDate "2017.06.14"]
[EventType "swiss"]
[EventRounds "9"]
[EventCountry "SRB"]
[SourceTitle "CBM 179 Extra"]
[Source "ChessBase"]
[SourceDate "2017.08.23"]
[SourceVersion "1"]
[SourceVersionDate "2017.08.23"]
[SourceQuality "1"]

1. e4 c5 2. Nf3 Nc6 3. Nc3 g6 4. b3 Bg7 5. Bb2 d6 6. Bb5 Bd7 7. Bxc6 Bxc6 8. Qe2 e6 9. 0-0-0 e5 10. g4 Ne7 11. h4 Qa5 12. a4 a6 13. h5 0-0-0 14. h6 Bf8 15. Ng5 Be8 16. Qf3 f5 17. gxf5 gxf5 18. exf5 Qb4 19. f6 Ng6 20. Nd5 Qa5 21. Bc3 1-0

[Event "Subotica-ch op"]
[Site "Subotica"]
[Date "2017.03.08"]
[Round "7"]
[White "Fatyol, Istvan"]
[Black "Bacsa, Zoltan"]
[Result "1-0"]
[WhiteElo "1939"]
[BlackElo "1734"]
[PlyCount "67"]
[EventDate "2017.02.22"]
[EventType "swiss"]
[EventRounds "9"]
[EventCountry "SRB"]
[SourceTitle "CBM 177 Extra"]
[Source "ChessBase"]
[SourceDate "2017.04.27"]
[SourceVersion "1"]
[SourceVersionDate "2017.04.27"]
[SourceQuality "1"]

1. e4 c5 2. Nf3 d6 3. d4 cxd4 4. Nxd4 a6 5. Nc3 g6 6. Be3 Bg7 7. Qd2 Nf6 8. f3 Qc7 9. 0-0-0 Bd7 10. Kb1 Nc6 11. g4 b5 12. h4 Rc8 13. Nxc6 Bxc6 14. Bd3 Qb7 15. h5 a5 16. hxg6 hxg6 17. Rxh8+ Bxh8 18. Rh1 Kd7 19. Ne2 b4 20. Nd4 Bg7 21. Nxc6 Rxc6 22. Qe2 Kd8 23. Bb5 Rc7 24. Ba4 e6 25. Bg5 Kc8 26. Rd1 Nh7 27. Bh4 g5 28. Bg3 Be5 29. Bxe5 dxe5 30. Qh2 f6 31. Qd2 Kb8 32. Qd6 Qa7 33. Qxe6 Qe3 34. Qa6 1-0

[Event "Subotica-ch op"]
[Site "Subotica"]
[Date "2017.02.27"]
[Round "3"]
[White "Mandic, Ivan"]
[Black "Bacsa, Zoltan"]
[Result "0-1"]
[WhiteElo "1511"]
[BlackElo "1734"]
[PlyCount "74"]
[EventDate "2017.02.22"]
[EventType "swiss"]
[EventRounds "9"]
[EventCountry "SRB"]
[SourceTitle "CBM 177 Extra"]
[Source "ChessBase"]
[SourceDate "2017.04.27"]
[SourceVersion "1"]
[SourceVersionDate "2017.04.27"]
[SourceQuality "1"]

1. e4 c5 2. Nf3 g6 3. c3 Bg7 4. d4 cxd4 5. cxd4 a6 6. Nc3 d6 7. Be2 Nc6 8. a3 Bg4 9. Be3 Nf6 10. Qd2 0-0 11. h3 Bxf3 12. Bxf3 Na5 13. Bd1 Nc4 14. Qe2 Nxe3 15. Qxe3 Qb6 16. b4 Rac8 17. Bb3 e6 18. Rd1 Nd7 19. 0-0 Rc7 20. Ne2 Rfc8 21. f4 Nb8 22. e5 dxe5 23. fxe5 Nc6 24. Rf3 Rd8 25. Kh1 Rcd7 26. Ba4 Qc7 27. Rff1 b5 28. Bb3 Qb6 29. Qe4 Nxd4 30. Nxd4 Rxd4 31. Rxd4 Rxd4 32. Qf3 Rd7 33. Rc1 Bxe5 34. Rc8+ Kg7 35. Bc2 Qd4 36. g3 Qa1+ 37. Kg2 Rd2+ 0-1

[Event "Senta-ch"]
[Site "Senta"]
[Date "2017.01.21"]
[Round "2"]
[White "Bacsa, Zoltan"]
[Black "Rozsa, Sandor S"]
[Result "1-0"]
[WhiteElo "1734"]
[BlackElo "1475"]
[PlyCount "109"]
[EventDate "2017.01.20"]
[EventType "swiss"]
[EventRounds "9"]
[EventCountry "SRB"]
[SourceTitle "EXT 2018"]
[Source "ChessBase"]
[SourceDate "2017.10.13"]
[SourceVersion "1"]
[SourceVersionDate "2017.10.13"]
[SourceQuality "1"]

1. e4 e6 2. Nf3 d5 3. exd5 exd5 4. d4 Bb4+ 5. c3 Bd6 6. Bd3 Bg4 7. 0-0 Ne7 8. Re1 0-0 9. h3 Bh5 10. Bg5 f6 11. Bh4 Qd7 12. Nbd2 Nbc6 13. Qc2 Bg6 14. Bxg6 Nxg6 15. Qb3 Bf4 16. Nf1 Rab8 17. Re2 Nce7 18. Bg3 c6 19. Rae1 Bd6 20. h4 Nf5 21. Bxd6 Qxd6 22. g3 h5 23. Re6 Qd7 24. Qc2 Nfe7 25. Qe2 Kf7 26. N3d2 Rh8 27. f4 Rbe8 28. Nb3 b6 29. Kh2 Nf5 30. Rxe8 Rxe8 31. Qd1 Rxe1 32. Qxe1 Nh6 33. Ne3 Ng4+ 34. Nxg4 Qxg4 35. Qe3 Ne7 36. Nd2 Nf5 37. Qf2 Nd6 38. b4 g6 39. a4 a6 40. Kg2 Nf5 41. Nf3 Nd6 42. Nd2 Nf5 43. Kh2 Nd6 44. a5 bxa5 45. bxa5 Ne4 46. Nxe4 dxe4 47. Qf1 Qc8 48. Qc4+ Kg7 49. d5 e3 50. Kg2 c5 51. Qe4 Qb7 52. Kf3 f5 53. Qe5+ Kh6 54. Qh8+ Qh7 55. Qxh7+ 1-0

[Event "Senta op 20th"]
[Site "Senta"]
[Date "2016.07.29"]
[Round "9"]
[White "Olajos, Gyozo"]
[Black "Bacsa, Zoltan"]
[Result "0-1"]
[WhiteElo "1628"]
[BlackElo "1708"]
[PlyCount "68"]
[EventDate "2016.07.22"]
[EventType "swiss"]
[EventRounds "9"]
[EventCountry "SRB"]
[SourceTitle "EXT 2017"]
[Source "ChessBase"]
[SourceDate "2016.10.25"]
[SourceVersion "1"]
[SourceVersionDate "2016.10.25"]
[SourceQuality "1"]

1. e4 c5 2. Nf3 d6 3. Bc4 e6 4. Nc3 a6 5. d3 Be7 6. Be3 Bd7 7. Qd2 Nf6 8. h3 h6 9. a3 Bc6 10. 0-0-0 d5 11. e5 Nfd7 12. Bf4 dxc4 13. dxc4 Bxf3 14. gxf3 Nc6 15. Qe2 Qc7 16. Rhg1 g6 17. Bg3 Nd4 18. Qe4 Qc6 19. Rxd4 cxd4 20. Qxd4 Qxf3 21. Ne4 Rc8 22. Re1 Bc5 23. Qd2 Rd8 24. Qa5 Be7 25. b3 0-0 26. c5 Rc8 27. b4 Rc6 28. h4 Bd8 29. Qa4 Bc7 30. Nd6 Bxd6 31. exd6 Rfc8 32. Re3 Qd5 33. Rd3 Qc4 34. Kb2 Rxc5 0-1

[Event "Senta op 20th"]
[Site "Senta"]
[Date "2016.07.28"]
[Round "8"]
[White "Bacsa, Zoltan"]
[Black "Tomin, Kristifor"]
[Result "0-1"]
[WhiteElo "1708"]
[BlackElo "1857"]
[PlyCount "58"]
[EventDate "2016.07.22"]
[EventType "swiss"]
[EventRounds "9"]
[EventCountry "SRB"]
[SourceTitle "EXT 2017"]
[Source "ChessBase"]
[SourceDate "2016.10.25"]
[SourceVersion "1"]
[SourceVersionDate "2016.10.25"]
[SourceQuality "1"]

1. e4 c5 2. Nf3 Nc6 3. Nc3 a6 4. b3 e6 5. Bb2 Qc7 6. Be2 Nf6 7. h3 h5 8. 0-0 Ng4 9. g3 Nf6 10. Kg2 b5 11. d3 Bb7 12. Re1 0-0-0 13. Nb1 d5 14. Bxf6 gxf6 15. exd5 exd5 16. Nbd2 d4 17. Ne4 Be7 18. Nh4 Rd5 19. Nf3 f5 20. c4 dxc3 21. Nxc3 Rdd8 22. Nh2 Nd4+ 23. Bf3 Nxf3 24. Nxf3 h4 25. Ne2 Rhg8 26. Qc2 Kb8 27. Rad1 Qc6 28. Neg1 Bd6 29. d4 Bxg3 0-1

[Event "Senta op 20th"]
[Site "Senta"]
[Date "2016.07.25"]
[Round "5"]
[White "Vucelic, Rade"]
[Black "Bacsa, Zoltan"]
[Result "1/2-1/2"]
[WhiteElo "1892"]
[BlackElo "1708"]
[PlyCount "90"]
[EventDate "2016.07.22"]
[EventType "swiss"]
[EventRounds "9"]
[EventCountry "SRB"]
[SourceTitle "EXT 2017"]
[Source "ChessBase"]
[SourceDate "2016.10.25"]
[SourceVersion "1"]
[SourceVersionDate "2016.10.25"]
[SourceQuality "1"]

1. e4 c5 2. Nf3 d6 3. Nc3 Nc6 4. d4 cxd4 5. Nxd4 a6 6. Be3 e6 7. Qd2 Be7 8. f3 Nf6 9. 0-0-0 e5 10. Nf5 Bxf5 11. exf5 b5 12. Kb1 Qa5 13. Ne4 Qxd2 14. Nxf6+ Bxf6 15. Rxd2 Ke7 16. g4 g5 17. h4 h6 18. hxg5 hxg5 19. Rdh2 Rhg8 20. c4 b4 21. Bd3 a5 22. Be4 Rac8 23. Rh7 a4 24. Bd5 Rgf8 25. R1h5 Na5 26. b3 axb3 27. axb3 Nxb3 28. Kc2 Na5 29. Kd3 b3 30. Rh1 Rb8 31. Rb1 b2 32. c5 Nb3 33. cxd6+ Kxd6 34. Be4 Nc5+ 35. Bxc5+ Kxc5 36. Kc2 Rfc8 37. Rxb2 Kd4+ 38. Kb1 Rxb2+ 39. Kxb2 Rc7 40. Kb3 Bd8 41. Rh8 Rd7 42. Bc6 Rd6 43. Be4 f6 44. Rh1 Ke3 45. Kc4 Rd4+ 1/2-1/2

[Event "Senta op 20th"]
[Site "Senta"]
[Date "2016.07.24"]
[Round "4"]
[White "Csizik, Karoly"]
[Black "Bacsa, Zoltan"]
[Result "1-0"]
[WhiteElo "2116"]
[BlackElo "1708"]
[PlyCount "45"]
[EventDate "2016.07.22"]
[EventType "swiss"]
[EventRounds "9"]
[EventCountry "SRB"]
[SourceTitle "EXT 2017"]
[Source "ChessBase"]
[SourceDate "2016.10.25"]
[SourceVersion "1"]
[SourceVersionDate "2016.10.25"]
[SourceQuality "1"]

1. e4 c5 2. Nf3 Nc6 3. d4 cxd4 4. Nxd4 e6 5. Nc3 a6 6. Be2 Be7 7. 0-0 Bf6 8. Be3 Nge7 9. f4 d6 10. Nf3 Bxc3 11. bxc3 d5 12. Bd3 0-0 13. e5 Qc7 14. Bxh7+ Kxh7 15. Ng5+ Kg6 16. Qg4 f5 17. Qh4 Nxe5 18. Qh7+ Kf6 19. fxe5+ Qxe5 20. Bd4 Qxd4+ 21. cxd4 Kxg5 22. Qxg7+ Ng6 23. h4+ 1-0

[Event "Subotica-ch op"]
[Site "Subotica"]
[Date "2016.03.07"]
[Round "7"]
[White "Bacsa, Zoltan"]
[Black "Kovacs, Istvan A"]
[Result "0-1"]
[WhiteElo "1711"]
[BlackElo "1849"]
[PlyCount "74"]
[EventDate "2016.02.22"]
[EventType "swiss"]
[EventRounds "9"]
[EventCountry "SRB"]
[SourceTitle "CBM 171 Extra"]
[Source "ChessBase"]
[SourceDate "2016.04.26"]
[SourceVersion "1"]
[SourceVersionDate "2016.04.26"]
[SourceQuality "1"]

1. c4 e6 2. d4 d5 3. Nc3 c6 4. e3 Nf6 5. a3 Be7 6. Nf3 0-0 7. Be2 b6 8. 0-0 Bb7 9. Qc2 c5 10. dxc5 Bxc5 11. b4 Be7 12. Rd1 Qc8 13. cxd5 Nxd5 14. Bb2 Nd7 15. Qd2 N7f6 16. Rac1 Qb8 17. Nxd5 Bxd5 18. Be5 Qd8 19. Qb2 Rc8 20. Rxc8 Qxc8 21. Rc1 Qd8 22. Rc7 Bd6 23. Bxd6 Qxd6 24. Rxa7 Qb8 25. Ra6 Rc8 26. b5 Qc7 27. h3 Ne4 28. Qe5 Qb7 29. Ra4 Nc3 30. Rg4 Nxe2+ 31. Kf1 f5 32. Rh4 Nc3 33. Ng5 Ne4 34. Nxe6 Rc1+ 35. Ke2 Bc4+ 36. Kf3 Ng5+ 37. Kf4 Nxe6+ 0-1

[Event "Subotica-ch"]
[Site "Subotica"]
[Date "2015.02.23"]
[Round "4"]
[White "Bacsa, Zoltan"]
[Black "Takacs, Tibor"]
[Result "1-0"]
[WhiteElo "1647"]
[BlackElo "1976"]
[PlyCount "71"]
[EventDate "2015.02.16"]
[EventType "swiss"]
[EventRounds "9"]
[EventCountry "SRB"]
[SourceTitle "CBM 165 Extra"]
[Source "ChessBase"]
[SourceDate "2015.04.21"]
[SourceVersion "1"]
[SourceVersionDate "2015.04.21"]
[SourceQuality "1"]

1. e4 e5 2. Nf3 d6 3. Bc4 c6 4. Nc3 Nf6 5. d3 Be7 6. 0-0 Bg4 7. h3 Bh5 8. a3 b5 9. Ba2 a5 10. Bd2 b4 11. axb4 axb4 12. Nb1 c5 13. Bxf7+ Bxf7 14. Rxa8 0-0 15. Bg5 Bh5 16. Nbd2 Nfd7 17. Bxe7 Qxe7 18. c3 Nb6 19. Ra1 bxc3 20. Qb3+ Bf7 21. Qxb6 cxd2 22. Nxd2 Bh5 23. Ra8 Qd8 24. Qxd8 Rxd8 25. f3 Bf7 26. Rb1 h6 27. Nc4 Bxc4 28. dxc4 Kf7 29. b4 Nc6 30. Rxd8 Nxd8 31. b5 Ke7 32. Kf2 Kd7 33. Ke3 Nb7 34. f4 exf4+ 35. Kxf4 g6 36. h4 1-0

[Event "Subotica-ch"]
[Site "Subotica"]
[Date "2015.02.20"]
[Round "3"]
[White "Kovacs, Istvan A"]
[Black "Bacsa, Zoltan"]
[Result "1/2-1/2"]
[WhiteElo "1995"]
[BlackElo "1647"]
[PlyCount "73"]
[EventDate "2015.02.16"]
[EventType "swiss"]
[EventRounds "9"]
[EventCountry "SRB"]
[SourceTitle "CBM 165 Extra"]
[Source "ChessBase"]
[SourceDate "2015.04.21"]
[SourceVersion "1"]
[SourceVersionDate "2015.04.21"]
[SourceQuality "1"]

1. d3 d5 2. e3 e6 3. Nd2 Nf6 4. Ne2 Be7 5. Ng3 Bd7 6. Be2 a6 7. Nb3 0-0 8. 0-0 c5 9. Bd2 Nc6 10. Re1 Rc8 11. d4 c4 12. Nc1 Bd6 13. c3 Qc7 14. Bf3 e5 15. e4 dxe4 16. dxe5 Bxe5 17. Bxe4 Bxg3 18. hxg3 Rfe8 19. Qc2 Nxe4 20. Rxe4 b5 21. Bf4 Qb7 22. Ne2 Rxe4 23. Qxe4 Re8 24. Qf3 Qc8 25. Nd4 Nxd4 26. cxd4 Bg4 27. Qc3 Qc6 28. f3 Bf5 29. Kf2 Bd3 30. Re1 Rxe1 31. Qxe1 h6 32. Bd2 Qe6 33. Qxe6 fxe6 34. g4 Kf7 35. Ke3 Kf6 36. Bc3 g6 37. Ba5 1/2-1/2